The RAISE specification language /

Guardado en:
Autor Corporativo: RAISE Language Group.
Formato: Libro
Idioma:English
Publicado: New York : Prentice Hall, 1992.
Series:BCS practitioner series
Materias:
Etiquetas: Agregar Etiqueta
Sin Etiquetas, Sea el primero en etiquetar este registro!
LEADER 00940pam a2200277 a 4500
001 DCC.dcic000608
008 911231s1992####nyua#####b####001#0#eng##
005 20151124141536.0
245 0 4 |a The RAISE specification language /  |c the RAISE Language Group. 
260 |a New York :  |b Prentice Hall,  |c 1992. 
300 |a xix, 397 p. :  |b il. ;  |c 24 cm. 
440 0 |a BCS practitioner series 
504 |a Incluye referencias bibliográficas (p. 386-388) e índice. 
020 |a 0137528337 
710 2 |a RAISE Language Group. 
082 0 0 |a 005.1/028  |2 20 
650 0 |a Software engineering. 
010 |a  91048197  
040 |a DLC  |c DLC  |d DLC 
050 0 0 |a QA76.758  |b .R35 1992 
859 |a DCIC  |b BIB. COMPUTACION  |p 0839  |t 1 
859 |a DCIC  |b BIB. COMPUTACION  |p 0840  |t 2 
859 |a DCIC  |b BIB. COMPUTACION  |p 0841  |t 3 
859 |a DCIC  |b BIB. COMPUTACION  |p 0842  |t 4 
859 |a DCIC  |b BIB. COMPUTACION  |p 1260  |t 5 
859 |a DCIC  |b BIB. COMPUTACION  |p 1919  |t 6